[Event "Mittelrhein Verbandsliga-N 18/19"]
[Site "Nordrheinwestfalen"]
[Date "2019.04.07"]
[Round "9.3"]
[White "Krause, Ingo"]
[Black "Stier, Artem"]
[Result "0-1"]
[WhiteElo "1950"]
[BlackElo "1891"]
[PlyCount "85"]
[EventDate "2018.09.02"]
[EventType "team-tourn"]
[EventRounds "12"]
[EventCountry "GER"]
[SourceTitle "EXT 2022"]
[Source "ChessBase"]
[SourceDate "2021.10.06"]
[SourceVersion "1"]
[SourceVersionDate "2021.10.06"]
[SourceQuality "1"]
[WhiteTeam "Baumberg"]
[BlackTeam "Godesberg III"]
[WhiteTeamCountry "GER"]
[BlackTeamCountry "GER"]

1. e4 e6 2. d4 d5 3. Nc3 Bb4 4. e5 c5 5. a3 Bxc3+ 6. bxc3 Ne7 7. Qg4 0-0 8. Bd3 f5 9. exf6 Rxf6 10. Bg5 Rf7 11. Qh5 g6 12. Qd1 c4 13. Be2 Qf8 14. Qd2 Nf5 15. Nf3 Nc6 16. h4 h6 17. Bf4 Bd7 18. g3 Rh7 19. Ne5 Nxe5 20. Bxe5 Ba4 21. Kf1 Re8 22. Kg2 Rf7 23. f3 Kh7 24. g4 Nd6 25. Bd1 Rd7 26. Re1 Nf7 27. Qf4 Qe7 28. Qg3 Nxe5 29. Rxe5 Qf8 30. Qe1 Qd6 31. Qe3 Qb6 32. Qc1 Qd8 33. Kg3 Rf7 34. Qe3 Qd6 35. Kg2 Qb6 36. Qc1 Qd8 37. Kg3 Qf6 38. Qe3 Bd7 39. Be2 Ba4 40. Qd2 Bd7 41. f4 g5 42. h5 Ref8 43. Rf1 0-1

[Event "Mittelrhein Verbandsliga-N 18/19"]
[Site "Nordrheinwestfalen"]
[Date "2018.09.30"]
[Round "2.2"]
[White "Stier, Artem"]
[Black "Harringer, Manfred"]
[Result "0-1"]
[WhiteElo "1891"]
[BlackElo "2063"]
[PlyCount "128"]
[EventDate "2018.09.02"]
[EventType "team-tourn"]
[EventRounds "12"]
[EventCountry "GER"]
[SourceTitle "EXT 2022"]
[Source "ChessBase"]
[SourceDate "2021.10.06"]
[SourceVersion "1"]
[SourceVersionDate "2021.10.06"]
[SourceQuality "1"]
[WhiteTeam "Godesberg III"]
[BlackTeam "Bergische SF"]
[WhiteTeamCountry "GER"]
[BlackTeamCountry "GER"]

1. d4 Nf6 2. Nf3 e6 3. e3 c5 4. Bd3 Nc6 5. 0-0 d5 6. b3 cxd4 7. exd4 Be7 8. Re1 0-0 9. Bb2 Qc7 10. a3 b6 11. Nbd2 a5 12. Qe2 Nh5 13. Qd1 Nf4 14. Bf1 a4 15. b4 Bf6 16. Ne5 Ng6 17. Ndf3 Ncxe5 18. dxe5 Be7 19. Rc1 Rd8 20. Bd4 Ba6 21. Bxa6 Rxa6 22. Qe2 Qc4 23. b5 Raa8 24. Qe3 Bc5 25. Bxc5 Qxc5 26. Qxc5 bxc5 27. Rb1 Rdb8 28. Rb2 Rb6 29. g3 Kf8 30. h4 h5 31. Kg2 Ke7 32. c4 dxc4 33. Rc1 Rab8 34. Rxc4 Rxb5 35. Rbc2 Ra8 36. Rxc5 Rxc5 37. Rxc5 Ra7 38. Nd4 Kd7 39. f4 Ne7 40. Nb5 Rb7 41. Kh3 Nf5 42. g4 hxg4+ 43. Kxg4 Ne3+ 44. Kg5 Nf5 45. h5 Ng3 46. Nd6 Rb3 47. Ra5 Rxa3 48. Ra7+ Kc6 49. Rxf7 Ne2 50. Rc7+ Kxc7 51. Nb5+ Kd7 52. Nxa3 Ke7 53. f5 Kf7 54. Nc4 exf5 55. Kxf5 Nd4+ 56. Ke4 Nb5 57. Kd3 Ke6 58. Ke4 a3 59. Nd2 Nc3+ 60. Kf4 Ne2+ 61. Ke4 Nc1 62. Nf3 Nb3 63. Ne1 Nc5+ 64. Kd4 a2 0-1

[Event "Mittelrhein Verbandsliga-S 17/18"]
[Site "Nordrheinwestfalen"]
[Date "2018.02.04"]
[Round "7.5"]
[White "Stier, Artem"]
[Black "Kloke, Stephan"]
[Result "1/2-1/2"]
[WhiteElo "1883"]
[BlackElo "1994"]
[PlyCount "83"]
[EventDate "2017.09.10"]
[EventType "team-tourn"]
[EventRounds "11"]
[EventCountry "GER"]
[SourceTitle "EXT 2022"]
[Source "ChessBase"]
[SourceDate "2021.10.06"]
[SourceVersion "1"]
[SourceVersionDate "2021.10.06"]
[SourceQuality "1"]
[WhiteTeam "Godesberg III"]
[BlackTeam "Porz SG III"]
[WhiteTeamCountry "GER"]
[BlackTeamCountry "GER"]

1. d4 d5 2. Nf3 Nc6 3. e3 Bg4 4. c4 e5 5. Qb3 Bxf3 6. gxf3 Bb4+ 7. Bd2 Bxd2+ 8. Nxd2 exd4 9. cxd5 dxe3 10. fxe3 Qh4+ 11. Kd1 Nd8 12. Rc1 c6 13. Rc4 Qh6 14. Re4+ Kd7 15. dxc6+ bxc6 16. h4 Ne7 17. Bh3+ f5 18. Nc4 Qf6 19. Qa3 g6 20. Nb6+ axb6 21. Qxa8 Kc7 22. Rd4 Nd5 23. Ke2 Nb7 24. Qa7 Re8 25. Rxd5 Qxb2+ 26. Rd2 Qc3 27. e4 Re7 28. Rhd1 Qf6 29. Rd7+ Rxd7 30. Rxd7+ Kxd7 31. Qxb7+ Ke8 32. Qc8+ Ke7 33. Qc7+ Kf8 34. Qf4 Qb2+ 35. Kf1 Qa1+ 36. Kf2 Qxa2+ 37. Kg3 Qe2 38. Qc7 Qe1+ 39. Kg2 Qe2+ 40. Kg3 Qe1+ 41. Kg2 Qe2+ 42. Kg3 1/2-1/2

[Event "Mittelrhein Verbandsliga-S 17/18"]
[Site "Nordrheinwestfalen"]
[Date "2017.11.12"]
[Round "4.6"]
[White "Stier, Artem"]
[Black "Hennig, Edgar Paul"]
[Result "1/2-1/2"]
[WhiteElo "1883"]
[BlackElo "1819"]
[PlyCount "90"]
[EventDate "2017.09.10"]
[EventType "team-tourn"]
[EventRounds "11"]
[EventCountry "GER"]
[SourceTitle "EXT 2022"]
[Source "ChessBase"]
[SourceDate "2021.10.06"]
[SourceVersion "1"]
[SourceVersionDate "2021.10.06"]
[SourceQuality "1"]
[WhiteTeam "Godesberg III"]
[BlackTeam "Satranc Club"]
[WhiteTeamCountry "GER"]
[BlackTeamCountry "GER"]

1. d4 Nf6 2. Nf3 e6 3. e3 c5 4. Bd3 Qc7 5. b3 Nc6 6. a3 d5 7. Nbd2 Bd6 8. Bb2 cxd4 9. exd4 0-0 10. 0-0 h6 11. Re1 Ng4 12. h3 Nf6 13. Ne5 b6 14. g4 Bb7 15. h4 Nd7 16. Ndf3 Ncxe5 17. Nxe5 Nxe5 18. dxe5 Be7 19. g5 hxg5 20. Qh5 g6 21. Bxg6 fxg6 22. Qxg6+ Kh8 23. hxg5 Bxg5 24. Qxe6 Qg7 25. Kf1 Bh4 26. Bd4 Bc8 27. Qxd5 Bb7 28. Qc4 Qg2+ 29. Ke2 Bf3+ 30. Kd2 Bxf2 31. Kc1 Bxe1 32. e6+ Kh7 33. Qc7+ Kg6 34. Qg7+ Kf5 35. Qe5+ Kg4 36. Qxe1 Rac8 37. Ra2 Qh1 38. Bg1 Be4 39. c4 Rf3 40. Qxe4+ Kg5 41. Qe1 Qh3 42. Qe5+ Kg6 43. Qe4+ Kg5 44. Qd5+ Kg6 45. Qe4+ Kg5 1/2-1/2

[Event "Mittelrhein Regionalliga 16/17"]
[Site "Nordrheinwestfalen"]
[Date "2017.01.29"]
[Round "7.3"]
[White "Jablonowski, Christoph"]
[Black "Stier, Artem"]
[Result "0-1"]
[WhiteElo "1971"]
[BlackElo "1877"]
[PlyCount "90"]
[EventDate "2016.09.11"]
[EventType "team-tourn"]
[EventRounds "11"]
[EventCountry "GER"]
[SourceTitle "EXT 2022"]
[Source "ChessBase"]
[SourceDate "2021.10.06"]
[SourceVersion "1"]
[SourceVersionDate "2021.10.06"]
[SourceQuality "1"]
[WhiteTeam "Aachen SV II"]
[BlackTeam "Godesberg III"]
[WhiteTeamCountry "GER"]
[BlackTeamCountry "GER"]

1. d4 e6 2. Nf3 d5 3. c4 c6 4. g3 f5 5. Bg2 Nf6 6. 0-0 Bd6 7. b3 0-0 8. a4 Bd7 9. Ba3 Be8 10. Bxd6 Qxd6 11. c5 Qc7 12. b4 a5 13. Qb3 b5 14. Nbd2 Bh5 15. axb5 cxb5 16. bxa5 Rxa5 17. Ng5 Re8 18. Qe3 Nc6 19. Nb3 Ra4 20. f3 h6 21. Nh3 e5 22. Qd3 e4 23. Qd2 Bf7 24. Ra2 e3 25. Qb2 Rea8 26. Rfa1 g5 27. Nc1 Qa5 28. Rxa4 Qe1+ 29. Bf1 Rxa4 30. Rxa4 bxa4 31. Nd3 Qa5 32. Ne5 Qb4 33. Qc1 Nxd4 34. Nxf7 Kxf7 35. c6 Nxc6 36. Qxc6 a3 37. Qc7+ Kg6 38. f4 g4 39. Ng5 hxg5 40. fxg5 Ne4 41. Qd8 Nxg5 42. Qxd5 Nh3+ 43. Bxh3 Qe1+ 44. Kg2 Qxe2+ 45. Kg1 Qe1+ 0-1

[Event "Mittelrhein Regionalliga 15/16"]
[Site "Nordrheinwestfalen"]
[Date "2015.11.15"]
[Round "3.3"]
[White "Noiroux, Kevin"]
[Black "Stier, Artem"]
[Result "1-0"]
[WhiteElo "2164"]
[BlackElo "1925"]
[PlyCount "87"]
[EventDate "2015.09.27"]
[EventType "team-tourn"]
[EventRounds "9"]
[EventCountry "GER"]
[SourceTitle "EXT 2022"]
[Source "ChessBase"]
[SourceDate "2021.10.06"]
[SourceVersion "1"]
[SourceVersionDate "2021.10.06"]
[SourceQuality "1"]
[WhiteTeam "Aachen DJK Aufwärts III"]
[BlackTeam "Godesberg III"]
[WhiteTeamCountry "GER"]
[BlackTeamCountry "GER"]

1. d4 e6 2. Bf4 d5 3. e3 c6 4. Nf3 Bd6 5. Ne5 Ne7 6. Bd3 Ng6 7. Qh5 Bxe5 8. Bxe5 0-0 9. Nd2 f5 10. Nf3 Nxe5 11. dxe5 c5 12. h4 Qe8 13. Qg5 Nc6 14. c3 Qg6 15. Qf4 Qg4 16. h5 h6 17. Rh4 Qxf4 18. exf4 Ne7 19. 0-0-0 Bd7 20. g4 fxg4 21. Rxg4 Kh8 22. Nh4 Rg8 23. Ng6+ Nxg6 24. Bxg6 Raf8 25. Kd2 Be8 26. Ke3 b6 27. b4 c4 28. a4 Bxg6 29. Rxg6 Rf5 30. Rxe6 Rgf8 31. Kd4 Rd8 32. Rd6 Rxf4+ 33. Kxd5 Re8 34. e6 Rxf2 35. Kc6 Rff8 36. Re1 Rc8+ 37. Kd5 Rf5+ 38. Re5 Rf3 39. e7 Rd3+ 40. Ke6 Kg8 41. Rxd3 cxd3 42. Kd7 Rb8 43. e8Q+ Rxe8 44. Kxe8 1-0

[Event "Cologne Longerich op-A 12th"]
[Site "Cologne"]
[Date "2015.07.31"]
[Round "1"]
[White "Stier, Artem"]
[Black "Alexopoulos, Spiros Orestis"]
[Result "1-0"]
[WhiteElo "2052"]
[BlackElo "1929"]
[PlyCount "101"]
[EventDate "2015.07.31"]
[EventType "tourn"]
[EventRounds "5"]
[EventCountry "GER"]
[SourceTitle "EXT 2017"]
[Source "ChessBase"]
[SourceDate "2016.10.25"]
[SourceVersion "1"]
[SourceVersionDate "2016.10.25"]
[SourceQuality "1"]

1. d4 Nf6 2. Nf3 c5 3. e3 g6 4. c4 Bg7 5. Nc3 0-0 6. Be2 d6 7. d5 e5 8. e4 a6 9. 0-0 Ng4 10. h3 Nh6 11. Rb1 f5 12. Ng5 Qe7 13. b4 b6 14. bxc5 bxc5 15. Na4 f4 16. h4 Nd7 17. Ne6 Rf7 18. Nb6 Nxb6 19. Rxb6 Bf8 20. Ng5 Rf6 21. Bd2 Nf7 22. Bg4 Qd8 23. Ba5 Qe8 24. Ne6 Ra7 25. Qb3 Bxe6 26. Bxe6 Rxe6 27. dxe6 Qxe6 28. Rb1 Qg4 29. Qh3 Qxh3 30. gxh3 Nd8 31. f3 Ne6 32. Rb7 Rxb7 33. Rxb7 Nd4 34. Kg2 Nc2 35. Bd8 Ne3+ 36. Kf2 Nxc4 37. Ra7 a5 38. Bxa5 Nxa5 39. Rxa5 Be7 40. Ra8+ Kf7 41. a4 Ke6 42. h5 gxh5 43. a5 Bh4+ 44. Ke2 Kd7 45. Rb8 Kc7 46. Rh8 Kb7 47. Rxh7+ Ka6 48. Rxh5 Bd8 49. Kd3 Bxa5 50. Kc4 Kb6 51. Rh7 1-0

[Event "Troisdorf op"]
[Site "Troisdorf"]
[Date "2014.11.11"]
[Round "4"]
[White "Stier, Artem"]
[Black "Ziabari, Morteza"]
[Result "1-0"]
[WhiteElo "2051"]
[BlackElo "1874"]
[PlyCount "79"]
[EventDate "2014.10.21"]
[EventType "swiss"]
[EventRounds "7"]
[EventCountry "GER"]
[SourceTitle "EXT 2016"]
[Source "ChessBase"]
[SourceDate "2015.10.08"]
[SourceVersion "1"]
[SourceVersionDate "2015.10.08"]
[SourceQuality "1"]

1. d4 d5 2. Nf3 Nf6 3. e3 Bf5 4. Ne5 Ne4 5. c4 f6 6. Nf3 c6 7. Nc3 e6 8. Nxe4 Bxe4 9. Nd2 Bg6 10. b3 Nd7 11. Be2 Bd6 12. Bh5 Qa5 13. c5 Be7 14. b4 Qc7 15. a4 0-0-0 16. Bg4 f5 17. Be2 Bf6 18. f4 Nb8 19. Bb2 h5 20. h4 Qe7 21. Nf3 Nd7 22. Qd2 Nb8 23. b5 Qc7 24. Bc3 Kd7 25. b6 axb6 26. cxb6 Qc8 27. Bb4 Ke8 28. a5 Nd7 29. Rc1 Be7 30. 0-0 Qb8 31. Ne5 Nxe5 32. dxe5 Bxh4 33. a6 Be7 34. Bxe7 Kxe7 35. Qb4+ Kf7 36. Ra1 bxa6 37. Rfc1 Rc8 38. Rxa6 Rhd8 39. Ra7+ Kg8 40. Qe7 1-0

[Event "Troisdorf op"]
[Site "Troisdorf"]
[Date "2012.12.04"]
[Round "7"]
[White "Stier, Artem"]
[Black "Ossowski, Rolf"]
[Result "1-0"]
[WhiteElo "1992"]
[BlackElo "1732"]
[PlyCount "47"]
[EventDate "2012.10.23"]
[EventType "swiss"]
[EventRounds "7"]
[EventCountry "GER"]
[SourceTitle "EXT 2014"]
[Source "ChessBase"]
[SourceDate "2013.11.20"]
[SourceVersion "1"]
[SourceVersionDate "2013.11.20"]
[SourceQuality "1"]

1. d4 Nf6 2. Nf3 g6 3. h3 Bg7 4. Bf4 0-0 5. e3 d6 6. Bc4 Nc6 7. Nbd2 Nd7 8. c3 e5 9. Bg3 Ne7 10. e4 exd4 11. cxd4 Nc6 12. Nb3 Re8 13. 0-0 Rxe4 14. Qd2 Nb6 15. Bxf7+ Kf8 16. Ng5 Rxd4 17. Nxd4 Nxd4 18. Rfe1 Bd7 19. Bh4 Qc8 20. Qf4 Nf5 21. Bb3 Bxb2 22. Rab1 Bc3 23. Re2 Kg7 24. Re7+ 1-0

[Event "Troisdorf op"]
[Site "Troisdorf"]
[Date "2012.10.23"]
[Round "1"]
[White "Stier, Artem"]
[Black "Quaegwer, Gerhard"]
[Result "1-0"]
[WhiteElo "1992"]
[BlackElo "1489"]
[PlyCount "53"]
[EventDate "2012.10.23"]
[EventType "swiss"]
[EventRounds "7"]
[EventCountry "GER"]
[SourceTitle "EXT 2014"]
[Source "ChessBase"]
[SourceDate "2013.11.20"]
[SourceVersion "1"]
[SourceVersionDate "2013.11.20"]
[SourceQuality "1"]

1. d4 d5 2. Nf3 Nc6 3. e3 Nf6 4. Bd3 Bg4 5. h3 Bh5 6. g4 Bg6 7. b3 Ne4 8. Bb2 e6 9. a3 Be7 10. h4 f6 11. h5 Bf7 12. Nbd2 f5 13. gxf5 exf5 14. Qe2 Qd6 15. 0-0-0 Bf6 16. Rdg1 h6 17. Bxe4 dxe4 18. Ne5 Bxe5 19. dxe5 Nxe5 20. Qb5+ Nc6 21. Qxf5 Be6 22. Qg6+ Kd7 23. Qxg7+ Ne7 24. Nxe4 Qc6 25. Rd1+ Bd5 26. Rxd5+ Qxd5 27. Nf6+ 1-0

[Event "Rheinland Pfalz op 4th"]
[Site "Altenkirchen"]
[Date "2012.06.10"]
[Round "7"]
[White "Lindemann, Antje"]
[Black "Stier, Artem"]
[Result "0-1"]
[WhiteElo "1672"]
[BlackElo "2002"]
[PlyCount "100"]
[EventDate "2012.06.07"]
[EventType "swiss"]
[EventRounds "7"]
[EventCountry "GER"]
[SourceTitle "CBM 148 Extra"]
[Source "ChessBase"]
[SourceDate "2012.06.22"]
[SourceVersion "1"]
[SourceVersionDate "2012.06.22"]
[SourceQuality "1"]

1. e4 e5 2. Nf3 Nc6 3. Bb5 Bc5 4. 0-0 d6 5. c3 a6 6. Ba4 b5 7. Bc2 Bg4 8. h3 Bh5 9. g4 Bg6 10. d4 Bb6 11. Be3 f6 12. Qe2 exd4 13. Nxd4 Nxd4 14. cxd4 Ne7 15. Nc3 0-0 16. a3 Bf7 17. f4 c5 18. Qf2 cxd4 19. Bxd4 Bxd4 20. Qxd4 Nc6 21. Qf2 Na5 22. Nd5 Rc8 23. Rac1 Nc4 24. Bd3 Re8 25. Nb4 a5 26. Nd5 a4 27. Ne3 Qa5 28. Rfd1 Qb6 29. Nxc4 Qxf2+ 30. Kxf2 bxc4 31. Bb1 Rb8 32. Rd2 Kf8 33. Rc3 Rb6 34. Kf3 Reb8 35. Rcc2 Rb3+ 36. Kg2 c3 37. Rxc3 Rxc3 38. bxc3 Rxb1 39. Rxd6 Ra1 40. e5 fxe5 41. fxe5 Rxa3 42. e6 Be8 43. Ra6 Rxc3 44. h4 a3 45. Kf2 Ke7 46. g5 Bb5 47. Ra7+ Kxe6 48. Rxg7 a2 49. Ra7 Bc4 50. h5 Rc1 0-1

[Event "Troisdorf op"]
[Site "Troisdorf"]
[Date "2009.12.08"]
[Round "7"]
[White "Heck, Ewald"]
[Black "Stier, Artem"]
[Result "0-1"]
[WhiteElo "1677"]
[BlackElo "1895"]
[PlyCount "31"]
[EventDate "2009.10.27"]
[EventType "swiss"]
[EventRounds "7"]
[EventCountry "GER"]
[SourceTitle "EXT 2011"]
[Source "ChessBase"]
[SourceDate "2010.11.26"]
[SourceVersion "1"]
[SourceVersionDate "2010.11.26"]
[SourceQuality "1"]

1. e4 e5 2. Nf3 Nc6 3. Nc3 Nf6 4. Bc4 Bb4 5. 0-0 0-0 6. d4 exd4 7. Nxd4 Bxc3 8. bxc3 Nxe4 9. Nxc6 bxc6 10. Qf3 d5 11. Bd3 f5 12. c4 Rb8 13. Re1 Bd7 14. Be3 a5 15. Qf4 Re8 16. Bd4 0-1

[Event "Troisdorf op"]
[Site "Troisdorf"]
[Date "2009.11.17"]
[Round "4"]
[White "Stier, Artem"]
[Black "Rozsa, Sandor"]
[Result "1-0"]
[WhiteElo "1895"]
[BlackElo "1718"]
[PlyCount "91"]
[EventDate "2009.10.27"]
[EventType "swiss"]
[EventRounds "7"]
[EventCountry "GER"]
[SourceTitle "EXT 2011"]
[Source "ChessBase"]
[SourceDate "2010.11.26"]
[SourceVersion "1"]
[SourceVersionDate "2010.11.26"]
[SourceQuality "1"]

1. e4 e5 2. Nc3 Bc5 3. Bc4 d6 4. Nge2 Bg4 5. 0-0 a6 6. a3 Nc6 7. d3 Nf6 8. Kh1 Nd4 9. f3 h5 10. fxg4 hxg4 11. Nxd4 Bxd4 12. Bg5 Qd7 13. Ne2 b5 14. Nxd4 bxc4 15. Bxf6 g3 16. Nf5 Rxh2+ 17. Kg1 gxf6 18. Nxg3 Rh4 19. Nf5 Rh7 20. Qg4 0-0-0 21. Ne7+ Kb7 22. Qxd7 Rxd7 23. Nd5 Rd8 24. Nxf6 Rh4 25. g3 Rh6 26. Kg2 Rg6 27. dxc4 c6 28. Rad1 Kc7 29. c5 dxc5 30. Rxd8 Kxd8 31. Rd1+ Ke7 32. Nd7 Rd6 33. Rxd6 Kxd6 34. Nf6 c4 35. g4 a5 36. c3 a4 37. g5 Ke6 38. Kg3 Ke7 39. Kg4 Ke6 40. Kh5 Ke7 41. Kh6 Kf8 42. Kh7 Ke7 43. Kg7 Ke6 44. Kf8 c5 45. Kg8 Ke7 46. Kg7 1-0